00464nam a22001577a 450000500170000001000150001702000260003203500140005803700130007208200130008510000160009824500870011426000150020127000640021630000260028020210924150016.0 aENG-129967 c550.00a9789353887537 aEN-113499 bDBAD/PUB a658.8342 aGupa, Seema aHow people buy online:cby Seema GuptabThe Psychology Behind LConsumer Behaviour/ bSagec2021 bNew DelhiaBI/1-1 Mohan Cooperative Industrial Areae110044 axiv,258p.c21cm (pbk)